000 01127nam a2200301 a 4500
001 BRL_1021
005 20190320211010.0
008 311013c1982----mx-a######---#000-0#spa-#
020 _a9685803536
041 _aspa
044 _amx
050 4 _aF1230
_b.V57 1982
245 1 0 _aVisión de los vencidos
_brelaciones indígenas de la conquista
_cintroducción, selección y notas Miguel León-Portilla ; versión de textos nahuas Ángel Ma. Garibay K. ; ilustraciones de códices Aberto Beltrán.
250 _a9a ed.
260 _aMéxico
_bUNAM
_c1982
300 _axxix, 217 p.
_bil.
_c18 cm.
440 0 _aBiblioteca del estudiante universitario
_v81
_925601
500 _aIncluye índice de ilustraciones documentales
500 _aAu1141
504 _aBibliografías: p. 204-215
650 1 4 _aLiteratura náhuatl
_xTraducción al español
_925602
651 4 _aMéxico
_xHistoria
_yConquista, 1519-1540
_9442
700 1 _aLeón-Portilla, Miguel
_9504
700 1 _aGaribay K., Ángel María
_d1892-1967
_q(Garibay Kintana)
_etr.
_925603
700 1 _aBeltrán, Aberto
_eil.
_925604
902 _aGRL
942 _2lcc
_cB
999 _c9833
_d9833